| 000 | 00000nam 2200000za 4500 |
| 001 | 9.852512 |
| 003 | CaOODSP |
| 005 | 20221107154613 |
| 007 | cr ||||||||||| |
| 008 | 180227t20182016quc ob f000 0 eng d |
| 020 | |a9780660254128 |
| 040 | |aCaOODSP|beng |
| 043 | |an-cn--- |
| 086 | 1 |aEn14-319/2018E-PDF |
| 245 | 00|aScreening assessment |h[electronic resource] : |bcyclohexene, 4-ethenyl- (4-vinylcyclohexene) : Chemical Abstracts Service Registry number 100-40-3 / |cEnvironment and Climate Change Canada, Health Canada. |
| 246 | 30|aCyclohexene, 4-ethenyl- (4-vinylcyclohexene) : |bChemical Abstracts Service Registry number 100-40-3 |
| 260 | |a[Gatineau, QC] : |bEnvironment and Climate Change Canada, |c2018, c2016. |
| 300 | |a[18] p. |
| 500 | |aIssued also in French under title: Évaluation préalable : 4-éthénylcyclohexène (4-vinylcyclohexène) : numéro de registre du Chemical Abstracts Service 100-40-3. |
| 500 | |aCover title. |
| 500 | |a"March 2018." |
| 500 | |aIssued also in HTML format. |
| 504 | |aIncludes bibliographical references. |
| 520 | |a"The Government of Canada conducted a science-based evaluation, called a screening assessment, of 4-VCH, to address the potential for harm to Canadians and to the environment. 4-VCH does not occur naturally in the environment. It is primarily used in the manufacture of products, such as flame retardants, plastic and rubber materials, and adhesives. 4-VCH may have effects of concern for human health; however, the risk to human health is low at current levels of exposure, and it is considered to have a low ecological hazard potential. Therefore, it is concluded that this substance is not harmful to human health or to the environment"--Provided by publisher. |
| 693 | 4|aVinylcyclohexene |
| 693 | 4|aEnvironmental impact |
| 693 | 4|aHealth impact |
| 710 | 1 |aCanada. |bHealth Canada. |
| 710 | 1 |aCanada. |bEnvironment and Climate Change Canada. |
| 775 | 08|tÉvaluation préalable |w(CaOODSP)9.852513 |
| 856 | 40|qPDF|s410 KB|uhttps://publications.gc.ca/collections/collection_2018/eccc/En14-319-2018-eng.pdf |
| 856 | 4 |qHTML|sN/A|uhttps://www.canada.ca/en/environment-climate-change/services/evaluating-existing-substances/screening-assessment-cyclohexene-4-ethenyl.html |